| 000 | 00379nam a2200133Ia 4500 | ||
|---|---|---|---|
| 008 | 220217s9999||||xx |||||||||||||| ||und|| | ||
| 020 | _a978-81-8147-997-6 | ||
| 082 | _a004.165 NOE | ||
| 100 | _aNoergaard, Tammy | ||
| 245 | 0 | _aEmbedded systems architecture: a comprehensive guide for eng | |
| 260 |
_aElsevier _bOxford _c2008 |
||
| 300 | _b495 | ||
| 650 | _aMICROPROCESSOR | ||
| 999 |
_c178186 _d178186 |
||